000 00642nam a22002057a 4500
005 20241106111518.0
008 241106b |||||||| |||| 00| 0 eng d
020 _a978-0867154757
082 _a617.69
_bSHI-F
100 _aShillingburg, Herbert. T
245 _aFundamentals of fixed prosthodontics /
_cby Herbert T. Shillingburg, David A. Sather, Edwin L. Wilson
250 _a4th ed.
260 _aUSA :
_bQuintessence Publishing Co ;
_c2012 .
300 _ax, 574 p. :
_bill. ;
_c28 cm .
500 _aInclude Index.
650 _aMedical / Dentistry
700 _aSather, David A.
700 _aWilson, Edwin L.
999 _c36759
_d36759